1157 1538 1237 1375 1003 1867 1896 1007 1077 1777 1967 1228 1640 1125 1303 1384 1434 1963 1611 1497 1366 1181 1074 1951 1767 1234 1371 1358 1057 1864 1525 1821 1169 1631 1120 1394 1491 1749 1765 1718 1427 1264 1415 1809 1104 1833 1921 1588 1437 1870 1346 1044 1840 1403 1493 1135 1073 1718 1021 1961 1200 1755 1447 1209 1562 1442 1343 1745 1279 1788 1268 1693 1321 1830 1938 1468 1584 1257 1567 1916 1547 1037 1844 1073 1931 1896 1784 1541 1999 1447 1161 1074 1139 1778 1799 1836 1050 1237 1655 BCNSPRNW ULIB Ver.6.0+V

เปลี่ยนเป็นภาษาไทย

Change to English
 แสดงรายละเอียดบรรณานุกรม
  กลับหน้าหลัก

Brief Record : Get Marc (ISO 2709) : E-mail record : QR code < ปิดหน้าต่าง
LEADER : 00000nam 2200000uu 4500
001    13399109858
003     ULIB
008    110412s2549||||th 000 0 tha d
020    9748283005
060 04 WC534^bช576C 2550
245 00 Communication skills...สื่อสารอย่างมีประสิทธิภาพ /^cบรรณาธิการ, ชิษณุ พันธุ์เจริญ, อุษา ทิสยากร
246 30 สื่อสารอย่างมีประสิทธิภาพเรื่อง
250    พิมพ์ครั้งที่ 1
260    กรุงเทพฯ :^bสมาคมกุมารแพทย์แห่งประเทศไทย,^c2549
300    217 หน้า
650  7 การสื่อสารทางการแพทย์
700 0  ชิษณุ พันธุ์เจริญ,^eบรรณาธิการ
700 0  อุษา ทิสยากร,^eบรรณาธิการ
710 2  สมาคมกุมารแพทย์แห่งประเทศไทย
945    ^p150^l0^i025654
945    ^p150^l0^i025653
945    ^p150^l0^i025226
995    ทศพร
999 ^a ใช้งานได้ทุกระบบ
รายการนี้ยังไม่มีแท็ก
คุณยังไม่ได้ล็อกอิน คุณสามารถมีกิจกรรมร่วมกับเว็บไซต์ได้ แต่ต้องล็อกอินก่อน ::
  ล็อกอิน

รายการสื่อสารสนเทศ

ลำดับที่ ประเภท เลขเรียก/บาร์โค้ด สถานที่ สถานะ
- ไม่พบข้อมูล -

รายการใกล้เคียง
    หัวเรื่อง [การสื่อสารทางการแพทย์]

BibComment


ยังไม่เคยถูกคอมเมนท์

คอมเมนท์ทรัพยากรรายการนี้
  คอมเมนท์: Communication ski..


 Copyright 2026. Bcnsprnw @Library